[Event "5. Torneo de Promoción de Almansa B"]
[Site "Almansa ESP"]
[Date "2010.08.10"]
[Round "3.5"]
[White "Remolar Gallen, Jose"]
[Black "Medina Cordero, Angel"]
[Result "1-0"]
[WhiteElo "1983"]
[BlackElo "1888"]
[PlyCount "61"]
[EventDate "2010.08.09"]
[EventType "swiss"]
[EventRounds "9"]
[EventCountry "ESP"]
[Source "lmi"]
[SourceDate "2010.08.09"]

1. d4 e6 2. e3 b6 3. f4 Bb7 4. Nf3 Nf6 5. Bd3 d5 6. O-O Be7 7. Nbd2 Nbd7 8. Ne5
a6 9. Qf3 c5 10. c3 Nf8 11. g4 N6d7 12. f5 Nxe5 13. dxe5 f6 14. e4 d4 15. Bc4
Qd7 16. fxe6 Nxe6 17. Qf5 dxc3 18. bxc3 Nc7 19. Bf7+ Kd8 20. Nc4 Qd3 21. Nb2 g6
22. Qf4 Qe2 23. exf6 Bf8 24. Rd1+ Kc8 25. Qxc7+ Kxc7 26. Bf4+ Kc6 27. Bd5+ Kb5
28. a4+ Ka5 29. Nc4+ Qxc4 30. Bxc4 Bxe4 31. Re1 1-0

[Event "5. Torneo de Promoción de Almansa B"]
[Site "Almansa ESP"]
[Date "2010.08.10"]
[Round "3.6"]
[White "Nuñez Miranda, Adrian"]
[Black "Martinez Villena, David"]
[Result "0-1"]
[WhiteElo "1772"]
[BlackElo "1971"]
[PlyCount "74"]
[EventDate "2010.08.09"]
[EventType "swiss"]
[EventRounds "9"]
[EventCountry "ESP"]
[Source "lmi"]
[SourceDate "2010.08.09"]

1. e4 d5 2. exd5 Nf6 3. Nc3 Nxd5 4. Bc4 c6 5. d4 Bf5 6. Nf3 e6 7. O-O Be7 8.
Nxd5 exd5 9. Bd3 Bg4 10. Re1 O-O 11. h3 Bxf3 12. Qxf3 Nd7 13. Qg3 Re8 14. Bf4
Nf8 15. Bf5 Qb6 16. Bc7 Qa6 17. Bd3 b5 18. a4 Qb7 19. axb5 cxb5 20. Ra5 Bd6 21.
Bxd6 Rxe1+ 22. Kh2 Qb6 23. Rxb5 Qxd4 24. c3 Qa4 25. Rxd5 Ng6 26. Bxg6 hxg6 27.
Qf4 Qxf4+ 28. Bxf4 Re2 29. Rd2 Rae8 30. Kg3 Rxd2 31. Bxd2 Re2 32. Be3 a5 33. b3
Rb2 34. Bb6 a4 35. Kf4 a3 36. c4 a2 37. Bd4 a1=Q 0-1

[Event "5. Torneo de Promoción de Almansa B"]
[Site "Almansa ESP"]
[Date "2010.08.10"]
[Round "3.7"]
[White "Navarro Palma, Javier"]
[Black "Fernandez Seco, Julian"]
[Result "0-1"]
[WhiteElo "1763"]
[BlackElo "1969"]
[PlyCount "124"]
[EventDate "2010.08.09"]
[EventType "swiss"]
[EventRounds "9"]
[EventCountry "ESP"]
[Source "lmi"]
[SourceDate "2010.08.09"]

1. e4 c5 2. Nf3 d6 3. d4 cxd4 4. Nxd4 Nf6 5. Nc3 g6 6. Be3 Bg7 7. Bb5+ Nbd7 8.
Qd2 Ng4 9. O-O-O Nxe3 10. Qxe3 a6 11. Be2 b5 12. a3 Bb7 13. f4 Rc8 14. Rd2 Qb6
15. Nd5 Qa5 16. Nb3 Qd8 17. Bg4 Bxd5 18. exd5 f5 19. Bf3 Nb6 20. Be2 Qc7 21. c3
Na4 22. Nd4 Qc5 23. Bf3 Bf6 24. Re1 O-O 25. Nc6 Qxe3 26. Rxe3 Rc7 27. Rde2 Kf7
28. h3 h5 29. g3 Rh8 30. h4 Nb6 31. Re6 Nc8 32. R6e3 Na7 33. Kc2 Nxc6 34. dxc6
e5 35. Bd5+ Ke7 36. b3 Rd8 37. c4 bxc4 38. bxc4 Ra8 39. fxe5 dxe5 40. Rxe5+
Bxe5 41. Rxe5+ Kf6 42. Re6+ Kg7 43. Re3 Raa7 44. Rb3 Kf6 45. Rb7 Ke5 46. Rxa7
Rxa7 47. Kc3 a5 48. Bg2 Kd6 49. Bd5 Re7 50. Kd4 Re1 51. Bf7 Re4+ 52. Kd3 Rg4
53. Be8 Rxg3+ 54. Ke2 Rg4 55. c5+ Kxc5 56. Kf3 Kd6 57. Kf2 f4 58. a4 Rxh4 59.
Bxg6 Kxc6 60. Kf3 Kc5 61. Be8 Kd4 62. Bf7 Ke5 0-1

[Event "5. Torneo de Promoción de Almansa B"]
[Site "Almansa ESP"]
[Date "2010.08.10"]
[Round "3.8"]
[White "Garcia Ruano, Juan Carlos"]
[Black "Romero Lopez, Cristina"]
[Result "1/2-1/2"]
[WhiteElo "1961"]
[BlackElo "1883"]
[PlyCount "94"]
[EventDate "2010.08.09"]
[EventType "swiss"]
[EventRounds "9"]
[EventCountry "ESP"]
[Source "lmi"]
[SourceDate "2010.08.09"]

1. d4 e6 2. Nf3 Nf6 3. g3 c5 4. Bg2 d5 5. O-O cxd4 6. Nxd4 Bc5 7. Bg5 h6 8.
Bxf6 Qxf6 9. c3 O-O 10. e3 Nc6 11. Nd2 Bd7 12. Qh5 Bb6 13. Rad1 e5 14. Nxc6
bxc6 15. b4 Bf5 16. e4 Bg6 17. Qf3 Qxf3 18. Nxf3 Bxe4 19. Nxe5 Bc2 20. Rc1 Ba4
21. Rfe1 Rfe8 22. Bh3 Rad8 23. Bf1 Re7 24. Bd3 Rde8 25. Nf3 Rxe1+ 26. Nxe1 Re6
27. Kf1 Rf6 28. f4 g5 29. Ng2 gxf4 30. gxf4 Bc7 31. Re1 Kf8 32. Kf2 Bxf4 33.
Nxf4 Rxf4+ 34. Kg3 Rf6 35. Rc1 Ke7 36. h4 Kd6 37. Kg4 Rf2 38. Kh5 Rd2 39. Bb1
Rh2 40. Rf1 Ke7 41. Rf4 Bc2 42. Bxc2 Rxc2 43. Rf3 Rh2 44. Rf4 Rc2 45. Rf3 Rh2
46. Rf4 Rc2 47. Rf3 Rh2 1/2-1/2

[Event "5. Torneo de Promoción de Almansa B"]
[Site "Almansa ESP"]
[Date "2010.08.10"]
[Round "3.9"]
[White "Moncada Rodriguez, Cristobal"]
[Black "Campins Bagur, Esteve"]
[Result "0-1"]
[WhiteElo "1948"]
[BlackElo "1834"]
[PlyCount "78"]
[EventDate "2010.08.09"]
[EventType "swiss"]
[EventRounds "9"]
[EventCountry "ESP"]
[Source "lmi"]
[SourceDate "2010.08.09"]

1. e4 c5 2. Nc3 d6 3. g3 Nf6 4. Bg2 g6 5. f4 Bg7 6. Nf3 Nc6 7. O-O Rb8 8. d3
Bg4 9. Be3 Nd4 10. Qd2 Nxf3+ 11. Bxf3 Bxf3 12. Rxf3 Ng4 13. Kg2 b5 14. Raf1 b4
15. Nd1 O-O 16. Bg1 d5 17. e5 Qc8 18. h3 Nh6 19. g4 Qc6 20. d4 cxd4 21. Bxd4
Rfc8 22. R1f2 e6 23. Ne3 Rc7 24. f5 gxf5 25. gxf5 Nxf5 26. Nxf5 exf5 27. Rg3
Kh8 28. Qg5 Rg8 29. Qxf5 Qe6 30. Qh5 Rgc8 31. c3 bxc3 32. Bxc3 d4 33. Bxd4 Qd5+
34. Qf3 Qxd4 35. Rxg7 Kxg7 36. Qf6+ Kg8 37. Qg5+ Kf8 38. Qh6+ Ke8 39. Qg5 Qe4+
0-1

[Event "5. Torneo de Promoción de Almansa B"]
[Site "Almansa ESP"]
[Date "2010.08.10"]
[Round "3.10"]
[White "Dominguez Barbero, David"]
[Black "Alcaraz Cordoba, Sergio"]
[Result "0-1"]
[WhiteElo "1635"]
[BlackElo "1942"]
[PlyCount "50"]
[EventDate "2010.08.09"]
[EventType "swiss"]
[EventRounds "9"]
[EventCountry "ESP"]
[Source "lmi"]
[SourceDate "2010.08.09"]

1. d4 d5 2. c4 c6 3. Nc3 e6 4. Nf3 f5 5. e3 Nf6 6. a3 Bd6 7. b4 O-O 8. Bd3 Ne4
9. Bd2 Nd7 10. O-O Rf6 11. cxd5 exd5 12. b5 Rh6 13. bxc6 Bxh2+ 14. Kh1 Bc7+ 15.
Kg1 bxc6 16. g3 Qe8 17. Kg2 Qg6 18. Ne2 Ndf6 19. Nf4 Bxf4 20. exf4 Ng4 21. Be1
Nxg3 22. Rg1 Qh5 23. Ng5 Qh2+ 24. Kf3 Qxg1 25. fxg3 Qe3+ 0-1

[Event "5. Torneo de Promoción de Almansa B"]
[Site "Almansa ESP"]
[Date "2010.08.10"]
[Round "3.11"]
[White "Castillo Sanjuan, Daniel"]
[Black "Pastor Villalba, Arturo"]
[Result "1-0"]
[WhiteElo "1922"]
[BlackElo "1755"]
[PlyCount "55"]
[EventDate "2010.08.09"]
[EventType "swiss"]
[EventRounds "9"]
[EventCountry "ESP"]
[Source "lmi"]
[SourceDate "2010.08.09"]

1. e4 e6 2. d4 d5 3. Nd2 c5 4. c3 Nc6 5. Ne2 a6 6. g3 cxd4 7. Nxd4 e5 8. Nxc6
bxc6 9. Qa4 Bd7 10. Bg2 c5 11. Qc2 d4 12. O-O Ne7 13. f4 Nc6 14. Nf3 Bd6 15.
Qf2 exf4 16. gxf4 dxc3 17. bxc3 Qc7 18. e5 Be7 19. Be3 Na5 20. Ng5 Rc8 21. Bd5
O-O 22. e6 Bc6 23. exf7+ Kh8 24. Be6 Rb8 25. Qh4 h6 26. Qh5 Ba8 27. Qg6 Bxg5
28. Bf5 1-0

[Event "5. Torneo de Promoción de Almansa B"]
[Site "Almansa ESP"]
[Date "2010.08.10"]
[Round "3.12"]
[White "Sanchez Dengra, Barbara"]
[Black "Perez Garcia, Jose Miguel"]
[Result "0-1"]
[WhiteElo "1793"]
[BlackElo "1988"]
[PlyCount "74"]
[EventDate "2010.08.09"]
[EventType "swiss"]
[EventRounds "9"]
[EventCountry "ESP"]
[Source "lmi"]
[SourceDate "2010.08.09"]

1. e4 c5 2. Nf3 e6 3. d4 cxd4 4. Nxd4 a6 5. Nc3 Qc7 6. Be2 b5 7. O-O Bb7 8. Re1
Be7 9. a3 d6 10. f4 Nf6 11. Bf3 O-O 12. e5 dxe5 13. Bxb7 Qxb7 14. fxe5 Nfd7 15.
Qg4 Bc5 16. Kh1 Bxd4 17. Qxd4 Nc6 18. Qf4 Qc7 19. Qg3 Nd4 20. Qd3 Nf5 21. Bf4
Rfd8 22. Qh3 Nb6 23. Rad1 Nc4 24. Rxd8+ Rxd8 25. Bc1 Qc5 26. b4 Qf2 27. Rg1
Qxc2 28. Bg5 Rd3 29. Rc1 Qxc1+ 30. Bxc1 Rxh3 31. gxh3 Nxe5 32. Ne4 Nd7 33. Kg2
f6 34. Nc3 Kf7 35. a4 Nd6 36. Bf4 bxa4 37. Nxa4 e5 0-1

[Event "5. Torneo de Promoción de Almansa B"]
[Site "Almansa ESP"]
[Date "2010.08.10"]
[Round "3.13"]
[White "Gomez Peco, David"]
[Black "Navarro Martin, Carlos"]
[Result "1-0"]
[WhiteElo "1982"]
[BlackElo "1843"]
[PlyCount "55"]
[EventDate "2010.08.09"]
[EventType "swiss"]
[EventRounds "9"]
[EventCountry "ESP"]
[Source "lmi"]
[SourceDate "2010.08.09"]

1. e4 c5 2. Nf3 d6 3. d4 cxd4 4. Nxd4 Nf6 5. Nc3 g6 6. Be3 Bg7 7. f3 Nc6 8. Qd2
O-O 9. O-O-O d5 10. Kb1 Nxd4 11. e5 Nf5 12. exf6 Bxf6 13. Nxd5 Qxd5 14. Qxd5
Nxe3 15. Qd2 Nxd1 16. Qxd1 Be6 17. Be2 b5 18. Qc1 Rfc8 19. Bxb5 Rab8 20. Ba4
Rb4 21. Bb3 Bxb3 22. axb3 a5 23. Rd1 a4 24. bxa4 Rcb8 25. c3 Rb3 26. Kc2 Bg5
27. Qa1 Bf6 28. Re1 1-0

[Event "5. Torneo de Promoción de Almansa B"]
[Site "Almansa ESP"]
[Date "2010.08.10"]
[Round "3.14"]
[White "Baeza Garcia, Agustin"]
[Black "Alvarez Serrano, Carlos"]
[Result "1-0"]
[WhiteElo "1967"]
[BlackElo "1790"]
[PlyCount "74"]
[EventDate "2010.08.09"]
[EventType "swiss"]
[EventRounds "9"]
[EventCountry "ESP"]
[Source "lmi"]
[SourceDate "2010.08.09"]

1. d4 Nf6 2. c4 g6 3. Nc3 Bg7 4. e4 d6 5. f4 O-O 6. Nf3 c5 7. d5 e6 8. dxe6
Bxe6 9. Bd3 Nc6 10. f5 Bc8 11. O-O Nd7 12. Bg5 Bf6 13. Bxf6 Nxf6 14. Qd2 Kg7
15. Rad1 Qe7 16. Bb1 Rd8 17. Nd5 Nxd5 18. exd5 Nb8 19. f6+ Qxf6 20. Ng5 Bf5 21.
g4 h6 22. gxf5 Qxg5+ 23. Qxg5 hxg5 24. fxg6 Rd7 25. gxf7 Rxf7 26. Rxf7+ Kxf7
27. Rf1+ Ke7 28. Bg6 Nd7 29. Rf7+ Kd8 30. Bf5 Nb8 31. Rg7 a5 32. Rxg5 Kc7 33.
Rg7+ Kb6 34. Rg8 Kc7 35. h4 b5 36. h5 Nc6 37. Rxa8 Ne7 1-0

[Event "5. Torneo de Promoción de Almansa B"]
[Site "Almansa ESP"]
[Date "2010.08.10"]
[Round "3.15"]
[White "Lopez Diaz, Rafael"]
[Black "Sacristan Latorre, Alberto"]
[Result "1-0"]
[WhiteElo "1783"]
[BlackElo "1961"]
[PlyCount "83"]
[EventDate "2010.08.09"]
[EventType "swiss"]
[EventRounds "9"]
[EventCountry "ESP"]
[Source "lmi"]
[SourceDate "2010.08.09"]

1. e3 e5 2. d3 d5 3. Ne2 Nc6 4. Nd2 g6 5. b3 Bg7 6. Bb2 f5 7. g3 Nf6 8. Bg2 O-O
9. c3 e4 10. Qc2 Ne5 11. Nf4 g5 12. d4 Nf3+ 13. Bxf3 exf3 14. Nd3 g4 15. h3 b6
16. hxg4 fxg4 17. Nf4 Ne4 18. Nxe4 Bf5 19. Qd2 Bxe4 20. Ne6 Qd6 21. Nxf8 Rxf8
22. a4 c5 23. O-O-O Qc6 24. Ba3 Rc8 25. dxc5 bxc5 26. Rh5 c4 27. Rxd5 Bxd5 28.
Qxd5+ Qxd5 29. Rxd5 cxb3 30. Kb2 Bxc3+ 31. Kxb3 Bf6 32. Bc5 Rc7 33. Bd4 Be7 34.
Ra5 Rb7+ 35. Kc4 Rc7+ 36. Kd3 Bd8 37. Rxa7 Rxa7 38. Bxa7 Kf7 39. Ke4 Bc7 40.
Kf5 h5 41. e4 Bd8 42. Bd4 1-0

[Event "5. Torneo de Promoción de Almansa B"]
[Site "Almansa ESP"]
[Date "2010.08.11"]
[Round "4.1"]
[White "Santa Puche, Pedro Jose"]
[Black "Castillo Sanjuan, Daniel"]
[Result "1-0"]
[WhiteElo "1994"]
[BlackElo "1922"]
[PlyCount "85"]
[EventDate "2010.08.09"]
[EventType "swiss"]
[EventRounds "9"]
[EventCountry "ESP"]
[Source "lmi"]
[SourceDate "2010.08.09"]

1. e4 e5 2. d4 exd4 3. Qxd4 Nc6 4. Qe3 Nf6 5. Bd2 d6 6. Nc3 g6 7. O-O-O Bg7 8.
f3 Qe7 9. Nge2 Be6 10. Nf4 a6 11. g4 O-O-O 12. g5 Nd7 13. Ncd5 Qxg5 14. Qa3
Bxd5 15. Nxd5 Qh5 16. Bxa6 Nb6 17. Nxb6+ cxb6 18. Bc4 Qc5 19. Qa4 Kc7 20. Kb1
Bd4 21. Qb3 Ra8 22. Bxf7 Rhf8 23. Bd5 Na5 24. Bxa5 Rxa5 25. Qd3 Be5 26. Bb3 Qf2
27. Rhf1 Qh4 28. a3 Rf4 29. Qe2 Qf6 30. c3 Rh4 31. Rf2 Bf4 32. Rd5 Rc5 33.
Rxc5+ dxc5 34. Qb5 Rxh2 35. Rxh2 Bxh2 36. Qe8 h5 37. Be6 b5 38. Qd7+ Kb6 39.
Bd5 Bc7 40. Qc8 Bf4 41. Qxb7+ Ka5 42. Qa7+ Qa6 43. b4+ 1-0

[Event "5. Torneo de Promoción de Almansa B"]
[Site "Almansa ESP"]
[Date "2010.08.11"]
[Round "4.2"]
[White "Fernandez Seco, Julian"]
[Black "Martinez Hernandez, Javier"]
[Result "1-0"]
[WhiteElo "1969"]
[BlackElo "1987"]
[PlyCount "99"]
[EventDate "2010.08.09"]
[EventType "swiss"]
[EventRounds "9"]
[EventCountry "ESP"]
[Source "lmi"]
[SourceDate "2010.08.09"]

1. e4 c6 2. Nc3 d5 3. Nf3 dxe4 4. Nxe4 Nd7 5. Bc4 Ngf6 6. Neg5 Nd5 7. O-O h6 8.
Ne4 e6 9. c3 N7f6 10. Ng3 Bd6 11. d4 Qc7 12. Re1 Bd7 13. a4 O-O-O 14. Ne5 Rdf8
15. Bd2 Be8 16. b4 Nd7 17. Nf3 Kb8 18. Bf1 g5 19. Ne4 Be7 20. b5 c5 21. dxc5
Nxc5 22. c4 Nf6 23. Nxc5 Bxc5 24. Bc3 Ng4 25. Ra2 f6 26. h3 h5 27. Bd4 Bxd4 28.
Qxd4 e5 29. Qd3 Nh6 30. a5 g4 31. b6 Qd7 32. Qxd7 Bxd7 33. Nh4 Rhg8 34. Kh2 Nf7
35. c5 Ng5 36. a6 axb6 37. cxb6 bxa6 38. Rxa6 Bc8 39. Ra7 Rf7 40. Bc4 Bb7 41.
Bxf7 Nxf7 42. Rc1 Nd6 43. Rc7 gxh3 44. Rd7 hxg2 45. Kg1 Rc8 46. Nxg2 Rg8 47.
Rxd6 Rxg2+ 48. Kf1 Rg4 49. Rd8+ Bc8 50. Rc7 1-0

[Event "5. Torneo de Promoción de Almansa B"]
[Site "Almansa ESP"]
[Date "2010.08.11"]
[Round "4.3"]
[White "Alcaraz Cordoba, Sergio"]
[Black "Remolar Gallen, Jose"]
[Result "1/2-1/2"]
[WhiteElo "1942"]
[BlackElo "1983"]
[PlyCount "72"]
[EventDate "2010.08.09"]
[EventType "swiss"]
[EventRounds "9"]
[EventCountry "ESP"]
[Source "lmi"]
[SourceDate "2010.08.09"]

1. e4 c6 2. d4 g6 3. Nf3 Bg7 4. Bd3 d5 5. e5 c5 6. c3 Nc6 7. h3 Nh6 8. a3 a5 9.
Be3 O-O 10. Qd2 Nf5 11. O-O c4 12. Bc2 a4 13. Bd1 Nxe3 14. Qxe3 Bf5 15. Qc1 Qd7
16. Bc2 Na5 17. Nbd2 Bh6 18. Qd1 Bxc2 19. Qxc2 Ra6 20. Rfe1 e6 21. g4 Bf4 22.
Nf1 Rb6 23. Ne3 Ra8 24. Ng2 Bh6 25. g5 Bf8 26. Ne3 Qb5 27. Re2 Qb3 28. Qd2 h5
29. Ng2 Qb5 30. Qc2 Qe8 31. Nf4 Raa6 32. Kh2 Rb5 33. Rg1 Rb3 34. Qc1 Nc6 35.
Nh4 Ne7 36. Rc2 Rab6 1/2-1/2

[Event "5. Torneo de Promoción de Almansa B"]
[Site "Almansa ESP"]
[Date "2010.08.11"]
[Round "4.5"]
[White "Alcaraz Carcel, Antonio"]
[Black "Rasskin Friederichs, Ivan"]
[Result "1-0"]
[WhiteElo "1991"]
[BlackElo "1905"]
[PlyCount "68"]
[EventDate "2010.08.09"]
[EventType "swiss"]
[EventRounds "9"]
[EventCountry "ESP"]
[Source "lmi"]
[SourceDate "2010.08.09"]

1. d4 Nf6 2. Nc3 d5 3. Bg5 Nbd7 4. e3 e6 5. a3 c5 6. Nf3 Be7 7. Bd3 O-O 8. O-O
a6 9. Re1 c4 10. Bf1 b5 11. Nd2 h6 12. Bh4 Bb7 13. f4 Ne4 14. Ndxe4 Bxh4 15.
Nf2 f5 16. Qf3 Be7 17. Qh3 Bc6 18. g4 Bh4 19. gxf5 exf5 20. Bg2 Bxf2+ 21. Kxf2
Nf6 22. Bf3 Qe7 23. Ne2 Rae8 24. Ng3 Qe6 25. Bh5 Ng4+ 26. Bxg4 fxg4 27. Qh5 g5
28. f5 Rxf5+ 29. Nxf5 Qxf5+ 30. Kg1 Qe6 31. h4 gxh3 32. Kh2 Bd7 33. Rg1 Re7 34.
Rg3 Rf7 1-0

[Event "5. Torneo de Promoción de Almansa B"]
[Site "Almansa ESP"]
[Date "2010.08.11"]
[Round "4.6"]
[White "Romero Lopez, Cristina"]
[Black "Gomez Peco, David"]
[Result "1-0"]
[WhiteElo "1883"]
[BlackElo "1982"]
[PlyCount "63"]
[EventDate "2010.08.09"]
[EventType "swiss"]
[EventRounds "9"]
[EventCountry "ESP"]
[Source "lmi"]
[SourceDate "2010.08.09"]

1. e4 c5 2. Nf3 Nc6 3. c3 d5 4. exd5 Qxd5 5. d4 Bg4 6. Be2 e6 7. O-O Nf6 8. Be3
cxd4 9. cxd4 Be7 10. Nc3 Qd6 11. Qd2 O-O 12. h3 Bh5 13. Rfd1 Rfd8 14. Bf4 Qb4
15. a3 Qb3 16. Qe3 Rac8 17. Nd2 Qb6 18. Nc4 Qa6 19. g4 Bg6 20. Nd6 Qb6 21. Nxc8
Rxc8 22. b4 Qd8 23. Rac1 Bf8 24. Bf3 Qd7 25. d5 Nd8 26. dxe6 Qxe6 27. g5 Nh5
28. Bg4 Qxe3 29. Bxe3 Ra8 30. Nd5 Nc6 31. b5 Ne5 32. Nc7 1-0

[Event "5. Torneo de Promoción de Almansa B"]
[Site "Almansa ESP"]
[Date "2010.08.11"]
[Round "4.7"]
[White "Moreno Brocalero, Jorge"]
[Black "Baeza Garcia, Agustin"]
[Result "1/2-1/2"]
[WhiteElo "1850"]
[BlackElo "1967"]
[PlyCount "56"]
[EventDate "2010.08.09"]
[EventType "swiss"]
[EventRounds "9"]
[EventCountry "ESP"]
[Source "lmi"]
[SourceDate "2010.08.09"]

1. e4 e6 2. d4 d5 3. exd5 exd5 4. Nf3 Bd6 5. Bd3 Nc6 6. Be3 Bg4 7. Nbd2 Nge7 8.
c3 Qd7 9. Qc2 Bf5 10. b4 Bxd3 11. Qxd3 Qf5 12. Qxf5 Nxf5 13. O-O f6 14. Rfe1
Kf7 15. h4 Rae8 16. Nf1 h5 17. g3 Re7 18. Kg2 Rhe8 19. Bd2 Rxe1 20. Rxe1 Rxe1
21. Nxe1 Nd8 22. Ne3 Nxe3+ 23. Bxe3 Ne6 24. f4 b6 25. Nd3 Nd8 26. Kf3 Ke6 27.
g4 hxg4+ 28. Kxg4 g6 1/2-1/2

[Event "5. Torneo de Promoción de Almansa B"]
[Site "Almansa ESP"]
[Date "2010.08.11"]
[Round "4.8"]
[White "Perez Garcia, Juan Angel"]
[Black "Navarro Molina, Carmelo Jose"]
[Result "1-0"]
[WhiteElo "1961"]
[BlackElo "1896"]
[PlyCount "55"]
[EventDate "2010.08.09"]
[EventType "swiss"]
[EventRounds "9"]
[EventCountry "ESP"]
[Source "lmi"]
[SourceDate "2010.08.09"]

1. e4 c5 2. Nf3 d6 3. d4 cxd4 4. Nxd4 Nf6 5. Nc3 a6 6. Be3 Ng4 7. Bc1 Nf6 8.
Be3 Ng4 9. Bg5 h6 10. Bh4 g5 11. Bg3 Bg7 12. Bc4 Nc6 13. Ne6 Bxe6 14. Bxe6 Nge5
15. Bb3 Na5 16. O-O Nec4 17. Qe2 b5 18. a4 Nxb2 19. e5 Nxb3 20. cxb3 bxa4 21.
Qxb2 O-O 22. Nxa4 Rb8 23. Rfd1 Qa5 24. Nc3 Qc5 25. Nd5 Rfe8 26. Rxa6 Qb5 27.
Ra7 Rb7 28. Nc7 1-0

[Event "5. Torneo de Promoción de Almansa B"]
[Site "Almansa ESP"]
[Date "2010.08.11"]
[Round "4.9"]
[White "Dragieva, Denitza"]
[Black "Garcia Ruano, Juan Carlos"]
[Result "1/2-1/2"]
[WhiteElo "1782"]
[BlackElo "1961"]
[PlyCount "181"]
[EventDate "2010.08.09"]
[EventType "swiss"]
[EventRounds "9"]
[EventCountry "ESP"]
[Source "lmi"]
[SourceDate "2010.08.09"]

1. d4 d5 2. Nf3 g6 3. Bg5 Bg7 4. Nbd2 Nf6 5. e3 Bg4 6. c4 Bxf3 7. Nxf3 c6 8.
Qb3 Qa5+ 9. Qc3 Qxc3+ 10. bxc3 Ne4 11. Rb1 b6 12. Rb3 Nxg5 13. Nxg5 O-O 14. Be2
Nd7 15. Nf3 Rac8 16. Ra3 Rc7 17. O-O e6 18. Rb1 Rb8 19. Rab3 dxc4 20. Bxc4 c5
21. Bb5 Nf6 22. Nd2 cxd4 23. exd4 Rd8 24. Nc4 Ne4 25. f3 Rxc4 26. Bxc4 Nd2 27.
Ba6 Nxb1 28. Rxb1 Rd7 29. Rd1 Kf8 30. Bb5 Rd8 31. Kf2 Ke7 32. Ke3 Kd6 33. c4
Ra8 34. d5 e5 35. Rb1 Kc5 36. Kd3 f5 37. Bc6 Rc8 38. Rb5+ Kd6 39. a4 Bf8 40. a5
Kc7 41. axb6+ axb6 42. Rb2 Bc5 43. Ra2 Kd6 44. Ra7 Rc7 45. Ra8 Bd4 46. Bb5 Kc5
47. Rd8 e4+ 48. fxe4 fxe4+ 49. Kxe4 Re7+ 50. Kf3 Be5 51. Rc8+ Kd4 52. Rc6 Bxh2
53. Rxb6 Re3+ 54. Kg4 Bc7 55. Re6 Rg3+ 56. Kh4 Rxg2 57. d6 Ba5 58. d7 h5 59.
Rd6+ Ke5 60. d8=Q Bxd8+ 61. Rxd8 Kf4 62. Rf8+ Ke5 63. Kh3 Rc2 64. Rg8 Kf6 65.
Rc8 g5 66. Be8 Rc3+ 67. Kg2 h4 68. Rc6+ Ke5 69. Bd7 g4 70. Rc5+ Kd4 71. Rg5
Rg3+ 72. Kh2 Kxc4 73. Bxg4 Kd4 74. Rg8 Ke5 75. Re8+ Kf4 76. Bh3 Rg7 77. Ra8 Rh7
78. Ra4+ Kg5 79. Rg4+ Kh5 80. Rg8 Rc7 81. Bg4+ Kh6 82. Kh3 Rg7 83. Rh8+ Rh7 84.
Rf8 Kg7 85. Rf1 Rh8 86. Rf5 Kg6 87. Ra5 Rh6 88. Bd7 Kf6 89. Be8 Rh8 90. Bh5 Rb8
91. Kxh4 1/2-1/2

[Event "5. Torneo de Promoción de Almansa B"]
[Site "Almansa ESP"]
[Date "2010.08.11"]
[Round "4.10"]
[White "Cano Romero, Jose Miguel"]
[Black "Ontañon Gomez, Jesus"]
[Result "0-1"]
[WhiteElo "1923"]
[BlackElo "1864"]
[PlyCount "101"]
[EventDate "2010.08.09"]
[EventType "swiss"]
[EventRounds "9"]
[EventCountry "ESP"]
[Source "lmi"]
[SourceDate "2010.08.09"]

1. e4 c5 2. Nf3 d6 3. d4 cxd4 4. Nxd4 Nf6 5. Nc3 g6 6. Be2 Bg7 7. Be3 O-O 8.
O-O Nc6 9. Qd2 Ng4 10. Bxg4 Bxg4 11. f3 Bd7 12. Nxc6 bxc6 13. Kh1 c5 14. Bh6
Rb8 15. Bxg7 Kxg7 16. Nd5 Kg8 17. c3 Be6 18. Rfb1 Bxd5 19. Qxd5 e6 20. Qc6 Rb6
21. Qa4 Qb8 22. b3 d5 23. Rd1 Qb7 24. exd5 exd5 25. Rd2 Re6 26. Qh4 Rfe8 27. h3
Kg7 28. Rad1 Re5 29. Qf2 Qc6 30. Kg1 Qe6 31. f4 Re4 32. Rxd5 Qf6 33. f5 Qxc3
34. Rxc5 Qb4 35. f6+ Kg8 36. Rc4 Rxc4 37. bxc4 Qxc4 38. Qxa7 Qc6 39. Qd7 Qc5+
40. Kh1 Qe5 41. Qd6 Qa5 42. Qf4 g5 43. Qd2 Qe5 44. Rf1 h6 45. Qd3 Qe2 46. Qf3
Qxa2 47. h4 Qc4 48. hxg5 Qh4+ 49. Qh3 Qxg5 50. Qf5 Qg6 51. Rf3 0-1

[Event "5. Torneo de Promoción de Almansa B"]
[Site "Almansa ESP"]
[Date "2010.08.11"]
[Round "4.11"]
[White "Mingarro Carceller, Sergi"]
[Black "Benitez Fernandez, Pedro Vicente"]
[Result "1-0"]
[WhiteElo "1826"]
[BlackElo "1998"]
[PlyCount "75"]
[EventDate "2010.08.09"]
[EventType "swiss"]
[EventRounds "9"]
[EventCountry "ESP"]
[Source "lmi"]
[SourceDate "2010.08.09"]

1. e4 e5 2. Nf3 Nc6 3. Bb5 a6 4. Ba4 Nf6 5. Qe2 b5 6. Bb3 Be7 7. O-O d6 8. c3
O-O 9. d3 Na5 10. Bc2 c5 11. Rd1 Qc7 12. Nbd2 Nc6 13. Nf1 d5 14. a4 b4 15. Bg5
dxe4 16. dxe4 bxc3 17. bxc3 h6 18. Bh4 Nh7 19. Ne3 Bxh4 20. Nxh4 Ne7 21. Nd5
Nxd5 22. exd5 Qd6 23. Re1 Qxd5 24. Be4 Qd8 25. Bxa8 Qxh4 26. Qxe5 Ng5 27. Bc6
c4 28. Qd6 Be6 29. Rab1 Qg4 30. Qg3 Qf5 31. h4 Nh7 32. Be4 Qa5 33. Rb8 f5 34.
Rxf8+ Nxf8 35. Bc2 f4 36. Qf3 h5 37. Be4 Qe5 38. Bh7+ 1-0

[Event "5. Torneo de Promoción de Almansa B"]
[Site "Almansa ESP"]
[Date "2010.08.11"]
[Round "4.12"]
[White "Iglesias Fernandez, Luis"]
[Black "Sanchiz Marti, Josep Miguel"]
[Result "1-0"]
[WhiteElo "1820"]
[BlackElo "1993"]
[PlyCount "55"]
[EventDate "2010.08.09"]
[EventType "swiss"]
[EventRounds "9"]
[EventCountry "ESP"]
[Source "lmi"]
[SourceDate "2010.08.09"]

1. e4 g6 2. d3 Bg7 3. g3 c5 4. Bg2 Nc6 5. Nf3 d6 6. O-O Nf6 7. Nc3 O-O 8. Ne2
Qc7 9. c3 Rb8 10. Qc2 b6 11. d4 e5 12. d5 Ne7 13. c4 a6 14. Bg5 b5 15. Bxf6
Bxf6 16. Nd2 Bg7 17. cxb5 axb5 18. b4 Bg4 19. f3 Bd7 20. bxc5 Qxc5+ 21. Qxc5
dxc5 22. Nb3 Bh6 23. f4 c4 24. Nc5 Be8 25. d6 Nc6 26. d7 Nd4 27. Nc3 b4 28. Nd5
1-0

[Event "5. Torneo de Promoción de Almansa B"]
[Site "Almansa ESP"]
[Date "2010.08.11"]
[Round "4.13"]
[White "Calonge Fabregat, Marc"]
[Black "Cano Cabanillas, Javier"]
[Result "1/2-1/2"]
[WhiteElo "1810"]
[BlackElo "1955"]
[PlyCount "62"]
[EventDate "2010.08.09"]
[EventType "swiss"]
[EventRounds "9"]
[EventCountry "ESP"]
[Source "lmi"]
[SourceDate "2010.08.09"]

1. c4 Nf6 2. g3 g6 3. Bg2 Bg7 4. Nf3 O-O 5. O-O d5 6. cxd5 Nxd5 7. Nc3 c5 8. e3
e6 9. Nxd5 exd5 10. d4 b6 11. Bd2 Ba6 12. Re1 Nd7 13. Bc3 Nf6 14. dxc5 bxc5 15.
Qc2 Qb6 16. Red1 Rfd8 17. Rac1 Rac8 18. Bh3 Rc6 19. Be5 Ne4 20. Bxg7 Kxg7 21.
Nd2 Nxd2 22. Rxd2 Bc8 23. Bxc8 Rcxc8 24. Rcd1 d4 25. exd4 cxd4 26. Qa4 Kg8 27.
Rxd4 Rxd4 28. Qxd4 Rc1 29. Qd2 Rxd1+ 30. Qxd1 Qxb2 31. Qd5 Kg7 1/2-1/2